[Event "XVII MetLife Najdorf Open 2017"]
[Site "Warsaw"]
[Date "2017.07.16"]
[Round "8"]
[White "Sengupta, Deep"]
[Black "Fridman, Daniel"]
[Result "1/2-1/2"]
[WhiteElo "2596"]
[BlackElo "2635"]
[Annotator "TA"]
[PlyCount "80"]
[EventDate "2017.??.??"]
[EventType "swiss"]
[EventCountry "POL"]
[SourceTitle "playchess.com"]
[Source "ChessBase"]
[SourceQuality "1"]

{[%evp 13,80,0,8,0,0,0,0,-2,0,0,2,10,13,1,54,41,34,35,40,45,27,0,35,39,31,31,30,26,31,27,33,37,33,33,43,38,39,37,46,39,56,56,66,62,60,20,68,0,25,6,54,39,35,25,23,0,0,0,0,0,0,0,0,0,0,0,0,0,0]} 1. e4 e5 2. Nf3 Nf6 3. d4 Nxe4 4. Bd3 d5 5. Nxe5 Nd7 6. O-O Nxe5 7. dxe5 Nc5 {LiveBook: 77 Games. C43: Petroff Defence: 3 d4} 8. f4 (8. Be3 c6 9. Be2 Be7 10. c4 dxc4 11. Qxd8+ Kxd8 12. Bxc4 Be6 13. Bxe6 Nxe6 14. Nc3 Kc7 15. Rac1 {½-½ (25) Adams,M (2761)-Yu,Y (2750) Shenzhen 2017}) 8... Nxd3 9. Qxd3 g6 10. Be3 Be7 11. Nc3 {[%cal Bb1c3,Bc3e2,Be2g3][%mdl 32]} c6 12. Ne2 O-O 13. Ng3 {[#]} f5 $146 (13... Bh4 $11) ({Predecessor:} 13... Bh4 14. Bc5 Re8 15. Rae1 {1-0 (49) Kosteniuk,A (2555)-Ju,W (2580) Khanty-Mansiysk 2016}) 14. exf6 $14 Bxf6 15. f5 Bxf5 16. Nxf5 gxf5 17. Rxf5 {[#] Threatens to win with Bc5.} Qe7 18. c3 b6 19. Bh6 Bg7 20. Rg5 Rf7 21. Rxg7+ Rxg7 22. Bxg7 Qxg7 {[%mdl 4096] Endgame KQR-KQR} 23. Re1 Rf8 24. Re3 {[#] aiming for Rg3.} Kh8 25. Qe2 Qg5 26. Qe1 Rg8 {[%csl Gg8][%cal Rg5g2]} 27. g3 Rf8 28. Re7 (28. Re5 $5 {[%cal Re5g5]} Qg4 29. Re6 $16) 28... a5 29. Kg2 Qh5 30. Kg1 ({White should try} 30. Qe3 $14 Qf5 31. Qe2) 30... c5 31. Re6 b5 32. Re5 Qf7 33. Qe2 $40 {[%mdl 128] White attacks.} b4 34. g4 bxc3 {The position is equal.} 35. bxc3 Qf3 36. c4 dxc4 37. Qxf3 Rxf3 38. Rxc5 Ra3 39. Rxc4 Rxa2 40. Rc7 a4 {Precision: White = 73%, Black = 68%.} 1/2-1/2

[Event "XVII MetLife Najdorf Open 2017"]
[Site "Warsaw"]
[Date "2017.07.16"]
[Round "8"]
[White "Indjic, Aleksandar"]
[Black "Cheparinov, Ivan"]
[Result "0-1"]
[WhiteElo "2575"]
[BlackElo "2703"]
[Annotator "TA"]
[PlyCount "98"]
[EventDate "2017.??.??"]
[EventType "swiss"]
[EventCountry "POL"]
[SourceTitle "playchess.com"]
[Source "ChessBase"]
[SourceQuality "1"]

{[%evp 19,98,0,0,-26,32,25,65,59,59,63,75,67,97,80,80,84,95,83,128,120,126,118,141,136,135,101,112,87,146,135,149,132,128,122,118,101,110,84,95,84,92,87,87,49,55,-16,-14,-30,0,0,0,-163,-177,-170,-169,-233,-240,-243,-200,-191,-166,-164,-172,-165,-169,-163,-157,-247,-243,-652,-635,-636,-619,-5052,-4822,-29982,-29983,-29983,-29984,-29985,-29985]} 1. c4 f5 2. Nc3 Nf6 3. g3 g6 4. Bg2 Bg7 5. d3 d6 6. e3 O-O 7. Nge2 e5 8. O-O c6 9. b3 Be6 {A21: English Opening: 1...e5 2 Nc3} 10. Ba3 Re8 {LiveBook: 7 Games} 11. d4 (11. Qd2 d5 12. cxd5 Nxd5 13. Rfd1 Nxc3 14. Qxc3 Nd7 15. Rac1 a5 16. Qc2 Qf6 17. Nc3 {1-0 (46) Movsesian,S (2702)-Guseinov,G (2616) Plovdiv 2012}) 11... Bf7 (11... e4 $11) 12. d5 $146 ({Predecessor:} 12. Qc2 e4 13. Rab1 a5 14. c5 dxc5 15. dxc5 Qc7 16. Rfd1 Nbd7 17. Nd4 {1-0 (53) Dargel,M (2112)-Hecker,A (1941) Dortmund 2005}) 12... c5 13. e4 Nbd7 14. Bc1 a6 15. a4 fxe4 16. h3 h6 17. h4 Rf8 18. Qc2 Rb8 19. Nxe4 ({Don't do} 19. Bxe4 Nxe4 20. Nxe4 Nf6 $14) 19... Nxe4 20. Bxe4 Qe8 21. Nc3 Nf6 22. Bg2 Qe7 23. Bd2 Qd7 ({Black should try} 23... Be8) 24. Ne4 $16 Be8 25. b4 cxb4 26. Bxb4 Nxe4 27. Bxe4 Rc8 28. a5 ({Much worse is} 28. Bxg6 $6 Bxg6 29. Qxg6 Rxc4 $11) 28... Rf6 29. Qd3 Qg4 30. Be1 Rc7 31. Rb1 g5 32. Rb4 (32. f3 $14 Qc8 33. Rb4) 32... gxh4 $11 33. c5 Qc8 34. cxd6 Rxd6 35. Rb6 $2 {[#]} (35. Bd2 $11 {and White is okay.}) 35... Rxb6 $1 $19 36. axb6 Bb5 37. Qe3 {[#]} (37. Qb3 $142 Rf7 38. d6) 37... Rf7 $1 38. Bd3 Bxd3 39. Qxd3 Qg4 {And now ...e4 would win.} 40. f3 Qd4+ 41. Qxd4 exd4 42. gxh4 {[%mdl 4096] Endgame KRB-KRB} Rd7 43. Bg3 (43. Kf2 $17 {was worth a try.}) 43... Rxd5 44. Bc7 $2 (44. Bf4) 44... d3 {[%cal Bd4d3,Bd3d2][%mdl 32]} 45. Rd1 a5 {[%cal Ba6a5,Ba5a4,Ba4a3][%mdl 32]} 46. f4 a4 47. Be5 Bxe5 {Black mates.} 48. fxe5 d2 49. Kf2 a3 {Precision: White = 50%, Black = 71%.} 0-1

[Event "XVII MetLife Najdorf Open 2017"]
[Site "Warsaw"]
[Date "2017.07.16"]
[Round "8"]
[White "Zhigalko, Andrey"]
[Black "Puranik, Abhimanyu"]
[Result "1-0"]
[WhiteElo "2564"]
[BlackElo "2479"]
[Annotator "TA"]
[PlyCount "69"]
[EventDate "2017.??.??"]
[EventType "swiss"]
[EventCountry "POL"]
[SourceTitle "playchess.com"]
[Source "ChessBase"]
[SourceQuality "1"]

{[%evp 20,69,0,-2,15,25,31,17,20,27,43,56,59,55,55,63,65,52,85,68,100,108,107,101,93,98,92,110,262,248,250,241,235,235,243,227,308,302,474,442,489,458,525,525,506,487,608,591,572,559,591,610]} 1. c4 Nf6 2. Nc3 e5 3. Nf3 Nc6 4. g3 d5 5. cxd5 Nxd5 6. Bg2 Nb6 7. O-O Be7 8. a3 Be6 9. d3 O-O 10. Be3 Re8 11. Rc1 {LiveBook: 8 Games} f6 {A29: English Opening: Four Knights Variation with 4 g3} (11... Nd5 12. Nxd5 Bxd5 13. Qa4 a6 14. Rc3 Bf6 15. Rc5 Ne7 16. Rfc1 c6 17. Bg5 Bxg5 18. Nxg5 Bxg2 19. Kxg2 Nf5 20. Qg4 Nd6 {½-½ (40) Karjakin,S (2766)-Topalov,V (2785) Khanty-Mansiysk 2014}) 12. Ne4 Qd7 13. b4 a5 $146 {The position is equal.} ({Predecessor:} 13... Nd5 14. Bc5 b6 15. Bxe7 Ndxe7 16. Qa4 a5 17. b5 Na7 18. d4 Qxb5 19. Qc2 {½-½ (40) Zuev,D (2448)-Kurgansky,V (2406) ICCF email 2012}) 14. b5 Nd4 15. Bxd4 $1 exd4 16. Nc5 $36 {[%mdl 2048] White is pushing.} Bxc5 $1 17. Rxc5 Re7 18. Qc2 Bd5 19. Rc1 {[%cal Rc5c7]} Rae8 20. Rxc7 Qxc7 21. Qxc7 Rxc7 22. Rxc7 Rxe2 23. h4 {[%cal Bh2h4,Bh4h5][%mdl 32]} Bxf3 $2 {[#]} (23... Kf8 $16) 24. Bxf3 $16 {[%mdl 4096] Endgame KRB-KRN} Rb2 25. Rxb7 Rxb5 26. h5 Kf8 27. Bc6 Rb2 {intending ...Na4.} 28. Bd5 Rb5 (28... Ke8 {might work better.} 29. Be6 h6 30. Rxg7 Re2) 29. Be6 $18 {White is clearly winning.} h6 30. g4 Rb2 31. Rf7+ Ke8 32. Rxg7 Re2 33. Bf5 Nd5 34. Rh7 Ne7 35. Be4 {Precision: White = 100%, Black = 27%.} 1-0

[Event "XVII MetLife Najdorf Open 2017"]
[Site "Warsaw"]
[Date "2017.07.16"]
[Round "8"]
[White "Dziuba, Marcin"]
[Black "Thybo, Jesper Sondergaard"]
[Result "1-0"]
[WhiteElo "2561"]
[BlackElo "2465"]
[Annotator "TA"]
[PlyCount "83"]
[EventDate "2017.??.??"]
[EventType "swiss"]
[EventCountry "POL"]
[SourceTitle "playchess.com"]
[Source "ChessBase"]
[SourceQuality "1"]

{[%evp 28,83,54,47,43,50,53,50,54,50,54,39,41,16,18,20,25,28,41,37,25,37,52,47,133,99,262,272,431,268,286,326,301,306,535,460,594,589,983,977,983,0,983,983,966,967,940,938,908,891,840,841,831,811,29966,29968,29969,29970]} 1. d4 Nf6 2. c4 e6 3. Nf3 c5 4. d5 exd5 5. cxd5 d6 6. Nc3 g6 7. Bf4 a6 8. a4 Bg7 9. h3 O-O 10. e3 Re8 {A61: Modern Benoni: Nf3 without early e4} (10... Qe7 11. Nd2 Nbd7 12. Nc4 Ne8 13. a5 Ne5 14. Nb6 Rb8 15. Be2 f5 16. O-O Nf6 17. Rc1 Nfd7 18. Nca4 {0-1 (39) Kacheishvili,G (2590)-Mareco,S (2648) Saint Louis 2017}) 11. Nd2 Nfd7 12. Be2 Ne5 13. O-O Nbd7 14. Bh2 f5 15. a5 {LiveBook: 4 Games} b5 16. axb6 $1 Nxb6 17. Ra3 Bb7 $146 ({Predecessor:} 17... Qc7 18. Qc2 {1-0 (71) Woodard,D (2327)-Ballow,J (2383) ICCF email 2013}) 18. Qb3 Qc7 19. Qa2 Nf7 20. Bxa6 Bxc3 21. bxc3 Bxd5 22. c4 Be6 23. Bb5 Rxa3 24. Qxa3 Ra8 25. Qc3 Ne5 (25... Qe7 $14) 26. e4 fxe4 $2 (26... Qg7 $16) 27. Nxe4 $18 Nexc4 (27... Nbxc4 {might work better.} 28. Nf6+ Kg7) 28. Bxc4 Nxc4 ({Much worse is} 28... Bxc4 29. Bxd6 Qg7 30. Be5 $18) 29. Nf6+ Kf7 {Strongly threatening ...Ra3.} 30. Nxh7 ({Stronger than} 30. Re1 Ra3 $17) 30... Qd8 $2 (30... Kg8 {is a better defense.}) 31. Rb1 Ra7 32. Bf4 {Ng5+ is the strong threat.} Bd5 {If Black can now play ...Ra3 this consolidates a bit.} 33. Bg5 Qe8 34. Qf6+ Kg8 {[#]} 35. Rb8 $3 {[%cal Rb8e8][%mdl 512]} Qxb8 36. Qxg6+ Rg7 37. Nf6+ Kf8 38. Bh6 {[%csl Gh6][%cal Rg6g7]} Bf7 39. Qxg7+ Ke7 40. Nd5+ Ke6 41. Nf4+ Ke7 42. Bg5+ {Precision: White = 69%, Black = 29%.} 1-0

[Event "XVII MetLife Najdorf Open 2017"]
[Site "Warsaw"]
[Date "2017.07.16"]
[Round "8"]
[White "Czarnota, Pawel"]
[Black "Edouard, Romain"]
[Result "1/2-1/2"]
[WhiteElo "2557"]
[BlackElo "2622"]
[Annotator "TA"]
[PlyCount "39"]
[EventDate "2017.??.??"]
[EventType "swiss"]
[EventCountry "POL"]
[SourceTitle "playchess.com"]
[Source "ChessBase"]
[SourceQuality "1"]

{[%evp 15,16,25,27]} 1. e4 c5 2. Nf3 Nc6 3. d4 cxd4 4. Nxd4 e5 5. Nb5 d6 6. c4 Be7 7. N1c3 a6 8. Na3 Be6 {LiveBook: 655 Games} {Predecessor:} 9. Be2 $146 Rc8 10. O-O Nf6 11. Be3 O-O 12. Qd2 Nd7 13. Rac1 Nc5 14. f3 Nd4 15. Bxd4 exd4 16. Qxd4 Qb6 17. Rc2 Bf6 18. Qe3 Qb4 19. Qd2 Na4 20. Nd5 {½-½ (37) Anand,V (2779)-Caruana,F (2823) Saint Louis 2016} 1/2-1/2

[Event "XVII MetLife Najdorf Open 2017"]
[Site "Warsaw"]
[Date "2017.07.16"]
[Round "8"]
[White "Markowski, Tomasz"]
[Black "Prasanna Raghuram Rao"]
[Result "1/2-1/2"]
[WhiteElo "2557"]
[BlackElo "2466"]
[Annotator "TA"]
[PlyCount "148"]
[EventDate "2017.??.??"]
[EventType "swiss"]
[EventCountry "POL"]
[SourceTitle "playchess.com"]
[Source "ChessBase"]
[SourceQuality "1"]

{[%evp 12,148,34,26,46,0,0,-18,0,0,0,-12,0,0,11,-7,41,32,40,10,19,10,12,8,25,5,26,33,29,14,41,39,50,35,39,34,33,37,49,31,33,22,25,14,17,11,11,27,22,16,31,26,12,17,21,0,0,0,72,3,26,27,32,29,33,19,27,12,43,22,22,22,53,30,60,60,60,60,60,60,60,60,61,60,61,38,38,31,39,39,39,39,41,41,42,42,42,42,42,42,43,43,43,43,43,43,58,43,43,43,83,65,83,83,83,75,84,84,106,106,106,8,106,91,106,106,106,106,106,91,187,0,91,16,17,0,0,0,0]} 1. g3 e5 2. c4 Nf6 3. Bg2 c6 4. Nf3 e4 5. Nd4 d5 6. d3 {A20: English Opening: 1...e5} exd3 7. Qxd3 {LiveBook: 5 Games} (7. cxd5 Bb4+ 8. Nc3 c5 9. Nb3 c4 10. Nd2 O-O 11. O-O Bxc3 12. bxc3 Bg4 13. f3 dxe2 14. Qxe2 {1-0 (87) Ding,L (2773)-Inarkiev,E (2727) Moscow 2017}) 7... Bc5 {[#] aiming for ...dxc4.} 8. Nb3 $146 {White is slightly better.} ({Predecessor:} 8. cxd5 Nxd5 9. a3 O-O 10. O-O Nd7 11. Nf3 a5 12. e4 Nc7 13. Nc3 Qe7 {0-1 (66) Rahman,Z (2527)-Kumar,G (2014) New Delhi 2017}) 8... Bb6 9. O-O O-O 10. Nc3 {[%cal Rc4d5]} dxc4 11. Qxc4 Be6 12. Qa4 Nbd7 13. Bf4 Bc7 (13... Re8 {is more complex.} 14. Rad1 Qc8 15. Nd4 Bg4 16. Qc2 Nf8) 14. Bxc7 Qxc7 15. Nd4 (15. Qa5 $5 {[%cal Ra5c7]} Qb6 16. Qxb6 axb6 17. Nd4 $11) 15... Bg4 16. h3 Bh5 17. Rad1 Bg6 18. Rd2 Rfe8 19. Nb3 Nb6 20. Qh4 Re5 21. Qd4 Re7 22. Nc5 Nbd7 23. Rfd1 Nxc5 24. Qxc5 {Threatens to win with Nb5!} a6 25. Rd4 Rae8 26. b4 h6 27. Qc4 a5 {[#] ...axb4 is the strong threat.} 28. a3 axb4 29. axb4 Bf5 30. b5 Be6 31. Qa4 {[%cal Rb5c6]} Rd7 32. bxc6 bxc6 33. e3 (33. Bxc6 $5 {[%cal Rd4d7]} Rxd4 34. Rxd4 $11) 33... Rxd4 34. Qxd4 Qa5 (34... c5 $11 {keeps the balance.} 35. Qd2 Rb8) 35. Rc1 ({White should try} 35. Bxc6 $16 Rc8 36. Nd5 Nxd5 37. Bxd5) 35... Qa3 36. Ne2 Bd5 37. Bxd5 cxd5 38. Ra1 Qe7 39. Rd1 Qd7 40. Kg2 Qf5 41. g4 Qg5 42. Ng3 h5 43. gxh5 $1 Nxh5 44. Qxd5 Qxd5+ 45. Rxd5 Nxg3 46. Kxg3 $14 {[%mdl 4096] Endgame KR-KR} g6 47. h4 Kg7 48. h5 gxh5 49. Rxh5 Ra8 50. Kf4 Ra6 51. e4 Ra3 52. Rg5+ Kf6 53. Rf5+ Kg6 54. Rd5 Rb3 55. Rd6+ Kg7 56. Kg4 Rb5 57. Rd5 Rb6 58. f4 Ra6 59. e5 Rg6+ 60. Kf5 Ra6 61. Rd6 Ra5 62. Rd1 Rb5 63. Ke4 Rb4+ 64. Rd4 Rb5 65. f5 Rb1 66. Kf4 (66. Ra4 $16) 66... Re1 (66... Rf1+ $11 {remains equal.} 67. Kg5 Rg1+ 68. Rg4 Rf1) 67. Rd3 Rf1+ 68. Rf3 Re1 69. Rg3+ Kf8 70. Ra3 Kg7 (70... f6 $16 {was called for.}) 71. Rg3+ (71. f6+ $18 Kh7 72. Rg3) 71... Kf8 $16 72. Rg2 (72. Rc3 $16) 72... Ke7 {The position is equal.} 73. Rg4 Rf1+ 74. Kg5 f6+ {Precision: White = 47%, Black = 52%.} 1/2-1/2

[Event "XVII MetLife Najdorf Open 2017"]
[Site "Warsaw"]
[Date "2017.07.16"]
[Round "8"]
[White "Kveinys, Aloyzas"]
[Black "Drozdowski, Kacper"]
[Result "1-0"]
[WhiteElo "2542"]
[BlackElo "2461"]
[Annotator "TA"]
[PlyCount "113"]
[EventDate "2017.??.??"]
[EventType "swiss"]
[EventCountry "POL"]
[SourceTitle "playchess.com"]
[Source "ChessBase"]
[SourceQuality "1"]

{[%evp 9,113,59,54,51,85,63,76,77,71,79,79,59,54,24,74,52,65,45,39,13,28,27,35,27,41,29,29,0,32,11,23,22,9,22,72,86,96,96,96,93,93,70,78,93,74,79,87,63,98,99,171,180,181,164,211,210,195,190,155,151,137,118,276,258,343,318,336,327,344,313,368,341,309,259,677,656,722,979,629,779,934,963,964,927,875,921,917,887,886,854,1215,743,996,750,912,831,789,720,29973,29974,29977,29978,29977,29979,29979,29980]} 1. e4 d6 2. d4 Nf6 3. Nc3 Nc6 4. Bg5 e5 (4... g6 5. f4 Bg7 6. Nf3 O-O 7. Be2 d5 {½-½ (7) Brkic,A (2585)-Kadric,D (2562) Bihac 2016}) 5. dxe5 Nxe5 6. f4 {B00: Queen's Fianchetto Defence, Nimzowitsch Defence} Ng6 7. Nf3 $146 (7. h4 {with more complications.} h5 8. Qd2 c6 9. Be2 Be7 10. O-O-O) ({Predecessor:} 7. f5 Ne5 8. Nf3 Be7 9. Qd2 c6 10. O-O-O Qa5 11. Kb1 b5 12. Nxe5 dxe5 13. Bxf6 Bxf6 14. Bxb5 cxb5 {1-0 (21) Zorko,J (2300)-Volf,Z (2133) Sentjur 2005}) 7... h6 8. Bxf6 $1 {White is better.} Qxf6 9. g3 c6 10. Bg2 Qd8 11. Qd2 Be7 12. Nd4 Bf6 13. O-O-O O-O 14. h4 Re8 15. Bf3 Qb6 16. Rhe1 Nf8 17. Nb3 Be6 18. Na4 Qa6 19. Qa5 Qc4 {[#] Hoping for ...Bd8.} 20. Nc3 b6 21. Qa4 Bxc3 22. Qxc4 Bxb2+ 23. Kxb2 Bxc4 24. Rxd6 c5 25. Nd2 $36 {[%mdl 2048] White has some pressure.} Ba6 26. e5 Rad8 {...Rxd6 is the strong threat.} 27. Ne4 Bb7 28. Red1 Bxe4 29. Bxe4 ({Don't play} 29. Rxd8 Rxd8 30. Rxd8 Bxf3 $11) 29... Rxd6 (29... Ne6 $16) 30. Rxd6 $14 {[%mdl 4096] Endgame KRB-KRN} Re7 31. Bd5 h5 32. a4 Ne6 33. c3 Nc7 34. Bc4 Kf8 35. Kb3 Re8 $2 (35... Ne8 $16 {is a better defense.} 36. Rd8 f6) 36. Bb5 $18 Nxb5 37. axb5 {KR-KR} Ke7 38. Kc4 g6 {[#]} 39. Kd5 $1 Rc8 40. c4 Rc7 41. e6 fxe6+ $2 (41... Kf6 42. exf7+ Kxf7) 42. Rxe6+ Kf7 {If only Black now had time for ...Rd7+....} 43. Kd6 a5 44. Re5 (44. Kxc7 Kxe6 45. Kxb6 a4 $18) 44... Rc8 45. Kd7 Ra8 46. Kc7 a4 47. Kxb6 (47. Kb7 Re8 $16) 47... a3 48. Re1 a2 49. Ra1 Ke6 50. Kxc5 Ra4 51. b6 {Black must now prevent b7.} Kd7 52. Kb5 Ra3 53. c5 Kc8 54. Kb4 {White mates.} Ra6 55. Kb3 Ra5 56. Rxa2 Rxc5 57. Rc2 {Precision: White = 76%, Black = 52%.} 1-0

[Event "XVII MetLife Najdorf Open 2017"]
[Site "Warsaw"]
[Date "2017.07.16"]
[Round "8"]
[White "Lalith Babu M R"]
[Black "Sundararajan, Kidambi"]
[Result "1/2-1/2"]
[WhiteElo "2530"]
[BlackElo "2444"]
[Annotator "TA"]
[PlyCount "35"]
[EventDate "2017.??.??"]
[EventType "swiss"]
[EventCountry "POL"]
[SourceTitle "playchess.com"]
[Source "ChessBase"]
[SourceQuality "1"]

{[%evp 21,35,0,-2,-24,4,2,17,16,13,0,18,18,18,18,17,0]} 1. Nf3 d5 2. d4 Nf6 3. c4 e6 4. Nc3 c6 5. g3 Nbd7 6. Bg2 Be7 7. O-O O-O 8. Nd2 b5 {E07: Closed Catalan: Main Line (5 Nf3 0-0 6 0-0 Nbd7)} (8... b6 9. e4 dxc4 10. Nxc4 Ba6 11. b3 b5 12. Ne3 b4 13. Ne2 Nb6 14. Bb2 c5 15. d5 Ne8 16. Re1 exd5 17. exd5 {1-0 (49) Wang,H (2717)-Shomoev,A (2561) Ho Chi Minh City 2016}) 9. cxb5 cxb5 10. Nxb5 Qb6 11. Nc3 Qxd4 {LiveBook: 3 Games} 12. Nb3 Qxd1 $146 ({Predecessor:} 12... Qc4 13. Bf4 Bb7 14. Na5 Qa6 15. Nxb7 Qxb7 16. Rb1 Rfd8 17. Qa4 Rac8 18. Rfc1 {½-½ (18) Ivanov,M (2392)-Rausis,I (2545) Lueneburg 2013}) 13. Rxd1 {The position is equal.} Nc5 14. Nxc5 Bxc5 15. Bg5 Bb7 16. Bxf6 gxf6 17. e4 dxe4 18. Nxe4 1/2-1/2

[Event "XVII MetLife Najdorf Open 2017"]
[Site "Warsaw"]
[Date "2017.07.16"]
[Round "8"]
[White "Warakomski, Tomasz"]
[Black "Efimenko, Zahar"]
[Result "1/2-1/2"]
[WhiteElo "2518"]
[BlackElo "2643"]
[Annotator "TA"]
[PlyCount "133"]
[EventDate "2017.??.??"]
[EventType "swiss"]
[EventCountry "POL"]
[SourceTitle "playchess.com"]
[Source "ChessBase"]
[SourceQuality "1"]

{[%evp 9,133,-2,0,-15,-18,-17,2,0,12,20,26,13,21,8,11,-18,-6,-5,31,20,24,23,23,19,31,25,23,9,42,45,66,32,25,37,170,160,150,185,181,166,164,174,154,169,170,0,0,0,20,20,26,-46,-54,-64,0,0,0,0,125,118,493,507,569,559,544,543,754,0,407,205,205,189,189,189,182,189,182,187,205,205,215,190,190,177,182,180,168,131,244,239,228,232,228,229,387,398,395,366,375,377,327,159,315,295,313,289,296,0,0,0,0,0,0,0,0,0,0,0,0,0,0,0,0,0,0,0]} 1. e4 e5 2. Nc3 Nf6 3. g3 Nc6 4. Bg2 Bc5 5. d3 a6 6. h3 {C26: Vienna Game: 2...Nf6, sidelines} d6 7. Nge2 Be6 8. Nd5 Bxd5 9. exd5 Ne7 10. d4 exd4 $146 ({Predecessor:} 10... Bb6 11. O-O Nf5 12. dxe5 dxe5 13. c4 a5 14. Qd3 {½-½ (52) Mamedov,R (2626)-Adhiban,B (2490) Kolkata 2009}) 11. Nxd4 O-O 12. Nb3 Bb6 13. O-O Ng6 14. Nd4 Re8 15. b3 Qd7 16. Bb2 Re7 17. c4 Rae8 18. Qd3 Re5 19. b4 Ne4 20. f4 R5e7 21. Kh2 c5 ({Black should try} 21... Bxd4 $14 22. Bxd4 f5) 22. dxc6 $1 $18 bxc6 23. f5 Nf8 {[#]} 24. f6 $1 {[%cal Rf6e7][%mdl 512]} Nxf6 25. Bxc6 Qc8 26. Bxe8 Qxe8 27. Rf3 $2 (27. Qd1 $18) 27... Ng6 $1 $11 {[%cal Rg6e5] ...Ne5 is the strong threat.} 28. Qf1 (28. Rxf6 $5 gxf6 29. Rf1 $11) 28... h5 (28... Re4 $5 {[%cal Rb6d4]} 29. Rd1 h5 $14) 29. c5 dxc5 30. bxc5 ({White should play} 30. Nf5 $1 $11 Re2+ 31. Rf2 Rxf2+ 32. Qxf2 cxb4 33. Qxb6 Qe2+ 34. Kg1 Qxb2 35. Rf1) 30... Bxc5 $15 31. Rc1 Ba7 (31... Ne4 $15 32. Nf5 (32. Qxa6 $2 h4 $19) 32... Rd7 33. Rxc5 (33. Bxg7 $2 Rd2+ 34. Kh1 Nf2+ 35. Kg1 Qe4 $19) 33... Nd2) 32. Qxa6 (32. Kh1 $5 {[%cal Rd4f5]} Rb7 33. Nb3 $11 (33. Qxa6 $2 Qe4 $19)) 32... Kh7 $1 {And now ...h4 would win.} 33. Rc2 {aiming for Nf5.} Qd7 (33... h4 $11 34. Nf5 Qa8) 34. Rxf6 $16 gxf6 $4 {[%mdl 8192]} (34... Bxd4 $16 {is tougher.} 35. Bxd4 Qxd4) 35. Qxf6 $18 Ne5 36. Nf3 Nxf3+ 37. Qxf3 Qb5 38. Rg2 $2 (38. h4 $18) 38... Qg5 $2 {[%mdl 8192]} (38... h4 $1 $11 39. a4 (39. Qg4 hxg3+ 40. Kxg3 Qd3+ 41. Kh2 Bb8+ 42. Be5 Bxe5+ $11) 39... hxg3+ 40. Qxg3 Qb8) 39. Qc3 (39. Qd3+ $142 f5 40. Qd8 Bg1+ 41. Kh1) 39... f6 40. Qxf6 Qxf6 41. Bxf6 {[%mdl 4096] Endgame KRB-KRB} Re3 42. Bg5 Rf3 {[#]} 43. Rb2 $1 Bd4 44. Re2 Kg6 45. Kg2 Rc3 46. Be7 Kf5 47. Bb4 Rc1 48. Be1 Rd1 (48... Rc4 $16 49. Bf2 Be5) 49. Bf2 Bf6 50. Kf3 Rc1 51. Re4 Bg5 $2 (51... Kg6 52. a4 Ra1) 52. g4+ hxg4+ 53. hxg4+ Kg6 {If Black can now play ...Rc3+ this consolidates a bit.} 54. Re6+ Kf7 55. Re5 (55. Ra6 $18) 55... Bd8 $2 (55... Rc3+ $16 {is a better defense.} 56. Kg2 Be7) 56. Rd5 Ke8 57. a4 Rc3+ 58. Ke4 $2 (58. Kf4 $18) 58... Ra3 $1 $11 {The position is equal.} 59. a5 {Strongly threatening Be1.} Ra4+ 60. Bd4 Bf6 61. Ke3 (61. g5 $5 {[%cal Rg5f6]} Bxd4 62. Rxd4 Rxa5 63. Kf4 $11) 61... Bxd4+ 62. Rxd4 Rxa5 {KR-KR} 63. Rf4 Ra7 64. Rf5 {Threatens to win with Kf4.} Rf7 65. Kf4 {Black must now prevent Rxf7.} Rxf5+ 66. Kxf5 Kf7 67. Ke4 {Precision: White = 59%, Black = 43%.} 1/2-1/2